000 nam a22 a 4500
999 _c4459
_d4459
003 AKMAL
005 20170530104147.0
008 170530s1998 my 00 eng d
020 _a9678907321 (pbk.):
_cRM 10.00
040 _aAKMAL
082 0 4 _a345.595116015 ISL
090 0 0 _a345.595116015
_bISL
240 1 0 _aUndang-Undang Keluarga Islam (Wilayah Persekutuan), 1994.
_lEnglish
245 1 0 _aIslamic Family Law (Federal Territories) Act 1984 (Act 303) :
_b(as at 15th November 1998) /
_ccompiled by Legal Research Board
260 _aKuala Lumpur :
_bInternational Law Book Services,
_c1998
300 0 0 _a63p. ;
_c24cm
650 0 _aDomestic relations (Islamic law)
_91646
650 0 _aMarriage (Islamic law)
_zWilayah Persekutuan
_98645
710 2 _aLembaga Penyelidikan Undang-Undang
_98646
942 _2ddc
_cBOOK